000 00477nam a2200169Ia 4500
001 13158
003 IN-NITTTR
005 20251114233123.0
008 251113s9999||||xx |||||||||||||| ||eng||
040 _beng
040 _cIN-NITTTR
041 _aeng
082 _a647.94 I8A
100 _aInternational Labour Office,
245 0 _aAudiovisual, draughting, office, reproduction and other ancillary equipment and supplies. /
_cInternational Labour Office
942 _2ddc
_cBK
999 _c15794
_d15794